| 000 | 00928nam a22002897a 4500 | ||
|---|---|---|---|
| 001 | 9308 | ||
| 003 | FISKH | ||
| 005 | 20251210081844.0 | ||
| 008 | 251210b cb ||||| |||| 00| 0 eng d | ||
| 020 | _a9781860399138 | ||
| 040 |
_aFISKH _beng _cFISKH _dFISKH |
||
| 050 | _aPZ8.A54865 L | ||
| 082 | _a823.914 | ||
| 100 |
_aAndreae, Giles _eAuthor |
||
| 245 |
_aThe lion who wanted to love / _cGiles Andreae ; Illustrated by David Wojtowycz |
||
| 260 |
_aLondon : _bWatts Publishing Group , _c2009 |
||
| 300 |
_a30 unnumbered pages : _bcolor illustrations ; _c31 cm |
||
| 505 | _aJ | ||
| 520 | _aA young lion decides he would rather be friends with the other jungle animals than try to eat them. | ||
| 521 | 8 |
_a500
_bLexile estimate |
|
| 521 | 8 |
_aJ
_bRaz-Plus |
|
| 650 |
_aAnimals _vLion |
||
| 650 |
_aGetting along _vBravery |
||
| 700 |
_aWojtowycz, David _eIllustrator |
||
| 942 |
_2ddc _cBK _n0 |
||
| 999 |
_c9308 _d9308 |
||